000 01097cam a2200313 a 4500
001 4488132
003 ASAB
005 20180827062716.0
008 970219s1997 ilua b 001 0 eng
010 _a 97009083
020 _a0-87322-951-7
040 _aDLC
_cASAB
_dDLC
050 0 0 _aQP301
_b.B76 1997
082 0 0 _a613.7
_221
100 1 _aBouchard, Claude.
_92352
245 1 0 _aGenetics of fitness and physical performance /
_cClaude Bouchard, Robert M. Malina, Louis Pérusse.
260 _aChampaign, IL :
_bHuman Kinetics,
_cc1997.
300 _aviii, 400 p. :
_bill. ;
_c24 cm.
504 _aIncludes bibliographical references and index.
650 0 _aPhysical fitness
_xGenetic aspects.
_92353
650 0 _aHuman genetics.
_92354
650 0 _aMedical genetics.
_92355
650 0 _aPhenotype.
_92356
700 1 _aMalina, Robert M.
_92357
700 1 _aPérusse, Louis,
_d1957-
_92358
906 _a7
_bcbc
_corignew
_d1
_eocip
_f19
_gy-gencatlg
942 _2ddc
_cBK
999 _c480344
_d480344